Dying / Neither the Sun nor Death Can be looked at with a Steady Eye - La Rochefoucauld 1613-80 (Record no. 3620)
[ view plain ]
| 000 -LEADER | |
|---|---|
| fixed length control field | 01217cam a22001814a 4500 |
| 005 - ΗΜΕΡΟΜΗΝΙΑ ΚΑΙ ΩΡΑ ΤΕΛΕΥΤΑΙΑΣ ΕΝΗΜΕΡΩΣΗΣ | |
| Πεδίο ελέγχου | 20250605164120.0 |
| 008 - FIXED-LENGTH DATA ELEMENTS--GENERAL INFORMATION | |
| Πεδίο ελέγχου σταθερού μήκους | 250528s ||||||||||||||||||||||||d |
| 035 ## - SYSTEM CONTROL NUMBER | |
| System control number | 18247 |
| 040 ## - ΠΗΓΗ ΚΑΤΑΛΟΓΟΓΡΑΦΗΣΗΣ | |
| Φορέας πρωτότυπης καταλογογράφησης | MC Athens Campus Library |
| Γλώσσα καταλογογράφησης | Ελληνικά, Μοντέρνα (1453-) |
| Modifying agency | MC Athens Campus Library |
| Κανόνες περιγραφικής καταλογογράφησης | AACR2 |
| 245 1# - ΤΙΤΛΟΣ ΚΑΙ ΔΗΛΩΣΗ ΥΠΕΥΘΥΝΟΤΗΤΑΣ | |
| Τίτλος | Dying / Neither the Sun nor Death Can be looked at with a Steady Eye - La Rochefoucauld 1613-80 |
| 260 ## - PUBLICATION, DISTRIBUTION, ETC. | |
| Name of publisher, distributor, etc. | Penguin Books, |
| Date of publication, distribution, etc. | 1982 |
| 300 ## - PHYSICAL DESCRIPTION | |
| Extent | 224 |
| 520 ## - SUMMARY, ETC. | |
| Summary, etc. | A most valuable and timely book. It is Pragmatic, scholarly and humane without being sentimental. It is very readable and should prove extremely helpful to all concerned directly and indirectly with the care of the sick or dying. Editorial Forward, Introduction, Attitudes to Death, Fear of Death and Dying, Death No More, Acceptance of Death, The Dying, Moral Illness, Physical Distress in the Terminal Illness, Emotional Distress in the Terminal Illness, Awareness and Denial: Struggle and Acceptance, Care of the Dying, Treatment for the Dying, Speaking of Death with the Dying, Prolonging Life and Hastening Death, Who Care for the dying?, Mourning, Reactions to Bereavement, Mourning and Restitution, References, Index. |
| 700 1# - ΠΡΟΣΘΕΤΗ ΑΝΑΓΡΑΦΗ--ΦΥΣΙΚΟ ΠΡΟΣΩΠΟ | |
| Personal name | Hinton John |
| 9 (RLIN) | 4530 |
| 942 ## - ADDED ENTRY ELEMENTS (KOHA) | |
| Koha item type | Books |
| Τύπος τεκμηρίου | Βιβλιοθήκη | Τρέχουσα τοποθεσία | Barcode | Αριθμός εισαγωγής | Ημερομηνία απόκτησης | Ταξιθετικό σύμβολο | Αριθμός αντιτύπου | Κατάσταση απόσυρσης | Κατάσταση χαμένου | Κατάσταση κατεστραμμένου | Μη δανεισμός | Σύνολο δανεισμών | Ημερομηνία τελευταίας εμφάνισης | Η τιμή ισχύει από |
|---|---|---|---|---|---|---|---|---|---|---|---|---|---|---|
| Books | MC Athens Campus Library | MC Athens Campus Library | 9780000036193 | 2806 | 05/06/2025 | 155.9/37 HIN | 1 | 05/06/2025 | 05/06/2025 |